000 00448nam a2200157Ia 4500
020 _a969001482X(pbk)
082 _a625.85
_bSID
_cD.
100 _aSiddiqui, Khalid Hassan
_943879
245 _aFailure of asphalt pavements:
_bcauses and prevention
260 _aLahore:
_bFerozsons,
_c1998
300 _a140p. :ill.
526 _a0
_b0
_c0
_d625_850000000000000_SID
650 _aAsphalt -- Pakistan
_943880
650 _aMCE
_9379
942 _2ddc
_cBK
999 _c547742
_d547742